[Event "CZE Extraliga 2019-20"]
[Site "Czech Republic"]
[Date "2019.10.13"]
[Round "2"]
[White "Harikrishna, Pentala"]
[Black "Kociscak, Jiri"]
[Result "1/2-1/2"]
[WhiteElo "2748"]
[BlackElo "2499"]
[Annotator "TA"]
[PlyCount "105"]
[EventDate "2019.10.12"]
[EventType "team-tourn"]
[EventCountry "CZE"]
[SourceTitle "playchess.com"]
[Source "ChessBase"]
[SourceQuality "1"]
[WhiteTeam "Novoborsky"]
[BlackTeam "Ostrava"]

{[%evp 10,105,50,35,44,29,48,27,37,20,33,14,39,42,33,47,43,0,127,82,75,68,64,58,63,72,64,25,70,79,73,73,91,91,160,146,150,96,93,95,83,94,96,106,104,95,80,82,94,88,119,89,75,89,95,64,60,50,41,50,63,70,70,0,0,0,0,0,0,0,0,0,0,0,0,0,0,0,0,0,0,0,0,0,0,0,0,0,0,0,0,0,0,0,0,0,0,0]} 1. d4 f5 2. Bg5 h6 3. Bh4 g5 4. Bg3 Nf6 5. e3 d6 6. Nc3 e6 {A80: Dutch Defence: Unusual White second moves} 7. h4 {aiming for hxg5.} Rg8 8. hxg5 hxg5 {White has an edge.} 9. f3 Nc6 10. Qd2 Qe7 11. O-O-O Bd7 12. e4 O-O-O 13. Nge2 $146 ({Predecessor:} 13. Re1 Qf7 14. exf5 exf5 {½-½ (22) Brzezinski,A (2101)-Semcesen,D (2480) Norrkoeping 2013}) 13... a6 (13... fxe4 $11 14. fxe4 Bg7) 14. exf5 d5 15. fxe6 Bxe6 16. Kb1 Qf7 17. Nc1 g4 18. Bh4 Bd6 19. f4 g3 20. Be2 Bb4 21. Bf3 Bg4 {[#]} (21... Rde8 $142) 22. Bxg4+ $1 $16 Rxg4 {[#]} 23. Bxf6 (23. Qd3 $142 $1 {[%cal Rd3f5] Black must now prevent Qf5+.} Rg6 24. N3e2) 23... Qxf6 24. N1e2 Ne7 25. a3 Bxc3 26. Qxc3 Nf5 27. Rh5 Re8 28. Qf3 Rg7 29. Rdh1 c6 30. Rh8 Rxh8 31. Rxh8+ Kc7 32. Rh5 Nh4 33. Qf1 Nf5 34. Qe1 Re7 35. Qa5+ Kc8 36. Nc3 (36. Qd2 $14) 36... Nxd4 $11 {The position is equal.} 37. Na4 Qg6 38. Rh8+ Re8 39. Nb6+ Kb8 $1 40. Nd7+ Kc8 41. Rxe8+ Qxe8 42. Ne5 Qh5 43. Qc5 {Intending Qf8+ and mate.} Qd1+ 44. Ka2 {Qf8+ would kill now.} Nxc2 45. Qf8+ Kc7 46. Qg7+ Kc8 47. Qf8+ Kc7 48. Qe7+ Kc8 49. Qd7+ Kb8 {Black wants to play ...Qa1+.} 50. Qd6+ Kc8 $1 {And now ...Qa1+ would win.} 51. Qd7+ Kb8 {next ...Qa1+ is good for Black.} 52. Qd6+ Kc8 $1 {...Qa1+ is the strong threat.} 53. Qd7+ {Accuracy: White = 61%, Black = 77%.} 1/2-1/2

[Event "CZE Extraliga 2019-20"]
[Site "Czech Republic"]
[Date "2019.10.13"]
[Round "2"]
[White "Ragger, Markus"]
[Black "Rasik, Vitezslav"]
[Result "1/2-1/2"]
[WhiteElo "2684"]
[BlackElo "2470"]
[Annotator "TA"]
[PlyCount "40"]
[EventDate "2019.10.12"]
[EventType "team-tourn"]
[EventCountry "CZE"]
[SourceTitle "playchess.com"]
[Source "ChessBase"]
[SourceQuality "1"]
[WhiteTeam "Novoborsky"]
[BlackTeam "Ostrava"]

{[%evp 16,40,52,41,60,48,78,37,44,39,62,20,28,-10,-11,-11,-18,-12,-2,-14,4,0,-4,-32,-21,-83,-92]} 1. e4 d6 2. d4 g6 3. Nf3 Bg7 4. Bd3 Nf6 5. O-O O-O 6. c3 Nc6 7. h3 e5 8. Re1 h6 9. Na3 Nd7 {[%cal Re5d4] B07: Pirc Defence: Miscellaneous Systems} (9... a6 10. Nc2 b6 11. a4 Bb7 12. b4 Re8 13. Bb2 Qe7 14. d5 Nb8 15. a5 b5 16. c4 bxc4 17. Bxc4 {0-1 (57) Ragger,M (2687)-Maslak,K (2555) St Petersburg 2018}) 10. Nc2 f5 11. exf5 gxf5 {White is slightly better.} 12. g3 $146 ({Predecessor:} 12. dxe5 dxe5 13. Bb5 Kh7 14. Nd2 Qf6 15. Ne3 Ne7 16. Nef1 c6 17. Be2 {0-1 (99) Lukas,M (2297)-Boyd,S (2458) ICCF email 2004}) 12... Nb6 {[#] Threatens to win with ...e4.} 13. dxe5 (13. Nh4 {feels hotter.} Qf6 14. Ne3 Ne7 15. Qe2 Bd7 16. dxe5 dxe5 17. Nc4) 13... dxe5 {White must now prevent ...e4.} 14. Bb5 Qxd1 15. Rxd1 f4 16. gxf4 exf4 17. Kh2 Ne5 $36 {[%mdl 2048] Black is pushing.} 18. Nxe5 Bxe5 19. Re1 Rf5 20. f3 (20. Bd3 $11 {remains equal.} Rh5 21. Rxe5 Rxe5 22. Bxf4) 20... Rh5 1/2-1/2

[Event "CZE Extraliga 2019-20"]
[Site "Czech Republic"]
[Date "2019.10.13"]
[Round "2"]
[White "Najer, Evgeniy"]
[Black "Kempinski, Robert"]
[Result "1-0"]
[WhiteElo "2635"]
[BlackElo "2578"]
[Annotator "RC"]
[PlyCount "131"]
[EventDate "2019.10.12"]
[EventType "team-tourn"]
[EventCountry "CZE"]
[SourceTitle "playchess.com"]
[Source "ChessBase"]
[SourceQuality "1"]
[WhiteTeam "Lysa nad Labem"]
[BlackTeam "Poruba"]
[TimeControl "40/5400+30:1800+30"]

1. d4 {[%emt 0:00:00]} Nf6 {[%emt 0:00:03]} 2. c4 {[%emt 0:00:05]} e6 {[%emt 0:01:09]} 3. Nc3 {[%emt 0:04:24]} d5 {[%emt 0:02:03]} 4. cxd5 {[%emt 0:00:12]} exd5 {[%emt 0:00:18]} 5. Bg5 {[%emt 0:00:06]} Be7 {[%emt 0:00:50]} 6. e3 {[%emt 0:00:05]} h6 {[%emt 0:02:27]} 7. Bh4 {[%emt 0:00:40]} O-O {[%emt 0:00:18]} 8. Bd3 {[%emt 0:00:12]} b6 {[%emt 0:00:51]} 9. Nf3 {[%emt 0:01:49]} Bb7 {[%emt 0:01:40]} 10. O-O {[%emt 0:05:34]} Ne4 {[%emt 0:04:57]} 11. Bxe7 {[%emt 0:01:31]} Qxe7 {[%emt 0:00:10]} 12. Rc1 {[%emt 0:00:07]} Nd7 {[%emt 0:07:32]} 13. Qa4 {[%emt 0:15:35]} c6 {[%emt 0:12:51]} 14. Rfd1 {[%emt 0:03:24]} Rfe8 {[%emt 0:04:16]} 15. Be2 {[%emt 0:07:32]} Nd6 {[%emt 0:12:49]} 16. Rd2 {[%emt 0:04:13]} a5 {[%emt 0:00:53]} 17. Qd1 {[%emt 0:01:18]} Rab8 {[%emt 0:07:26]} 18. Rdc2 {[%emt 0:01:15]} Red8 {[%emt 0:03:04]} 19. Ne1 {[%emt 0:04:29]} c5 {[%emt 0:07:45]} 20. dxc5 {[%emt 0:01:51]} Nxc5 {[%emt 0:00:18]} 21. Nf3 {[%emt 0:01:09]} Nde4 {[%emt 0:01:43]} 22. Nd4 {[%emt 0:00:47]} Qf6 {[%emt 0:00:56]} 23. Bb5 {[%emt 0:06:46]} Rd6 {[%emt 0:01:55]} 24. a3 {[%emt 0:02:50]} Rbd8 {[%emt 0:03:38]} 25. Qe1 {[%emt 0:07:14]} Qg5 {[%emt 0:05:12]} 26. b4 {[%emt 0:02:27]} axb4 {[%emt 0:00:09]} 27. axb4 {[%emt 0:00:02]} Ne6 {[%emt 0:01:07]} 28. Nce2 {[%emt 0:02:09]} Nxd4 {[%emt 0:01:32]} 29. Nxd4 {[%emt 0:00:05]} Rg6 {[%emt 0:00:56]} 30. f4 {[%emt 0:07:10]} Qg4 {[%emt 0:01:57]} 31. Qe2 {[%emt 0:01:09]} Qh3 {[%emt 0:02:24]} 32. Qf3 {[%emt 0:13:28]} Qxf3 {[%emt 0:01:11]} 33. Nxf3 {[%emt 0:00:03]} Nd6 {[%emt 0:00:39]} 34. Nd4 {[%emt 0:03:05]} Nxb5 {[%emt 0:01:08]} 35. Nxb5 {[%emt 0:00:02]} Ba6 {[%emt 0:00:13]} 36. Nd4 {[%emt 0:00:08]} Bc4 {[%emt 0:01:08]} 37. Ra1 {[%emt 0:04:34]} Rgd6 {[%emt 0:00:29]} 38. Rc3 {[%emt 0:00:28]} R6d7 {[%emt 0:02:56]} 39. Kf2 {[%emt 0:00:20]} Rc8 {[%emt 0:01:28]} 40. Rca3 {[%emt 0:01:03]} Rdc7 {[%emt 0:00:08]} 41. g4 {[%emt 0:03:16]} g6 {[%emt 0:01:13]} 42. Ra7 {[%emt 0:13:15]} Bd3 {[%emt 0:02:34]} 43. Rxc7 {[%emt 0:01:06]} Rxc7 {[%emt 0:00:04]} 44. Ke1 {[%emt 0:00:15]} b5 {[%emt 0:09:11]} 45. Kd2 {[%emt 0:00:11]} Bc4 {[%emt 0:00:03]} 46. h4 {[%emt 0:00:21]} Kg7 {[%emt 0:00:52]} 47. Ra6 {[%emt 0:00:15]} Bf1 {[%emt 0:00:30]} 48. Rb6 {[%emt 0:09:56]} Rc4 {[%emt 0:03:01]} 49. f5 {[%emt 0:00:03]} gxf5 {[%emt 0:08:34]} 50. Nxf5+ {[%emt 0:00:01]} Kh7 {[%emt 0:00:56]} 51. Rxh6+ {[%emt 0:03:15]} Kg8 {[%emt 0:00:03]} 52. g5 {[%emt 0:00:49]} Rxb4 {[%emt 0:04:04]} 53. Rf6 {[%emt 0:00:33]} Bh3 {[%emt 0:01:58]} 54. Ne7+ {[%emt 0:00:46]} Kf8 {[%emt 0:03:15]} 55. Ng6+ {[%emt 0:00:02]} Kg8 {[%emt 0:03:53]} 56. Nf4 {[%emt 0:00:02]} Be6 {[%emt 0:02:18]} 57. h5 {[%emt 0:02:21]} Re4 {[%emt 0:00:10]} 58. h6 {[%emt 0:00:32]} d4 {[%emt 0:01:40]} 59. exd4 {[%emt 0:00:08]} Rxd4+ {[%emt 0:00:16]} 60. Ke3 {[%emt 0:00:04]} Rd1 {[%emt 0:00:32]} 61. Nxe6 {[%emt 0:00:51]} fxe6 {[%emt 0:00:29]} 62. g6 {[%emt 0:00:06]} Rd8 {[%emt 0:01:46]} 63. Rf7 {[%emt 0:00:35]} Rb8 {[%emt 0:00:16]} 64. Kf4 {[%emt 0:00:39]} b4 {[%emt 0:00:06]} 65. h7+ {[%emt 0:00:30]} Kh8 {[%emt 0:00:06]} 66. Kg5 {[%emt 0:00:30]} 1-0

[Event "CZE Extraliga 2019-20"]
[Site "Czech Republic"]
[Date "2019.10.13"]
[Round "2"]
[White "Krejci, Jan"]
[Black "Malik, Jan"]
[Result "1-0"]
[WhiteElo "2574"]
[BlackElo "2291"]
[Annotator "ChessBase"]
[PlyCount "81"]
[EventDate "2019.10.12"]
[EventType "team-tourn"]
[EventCountry "CZE"]
[SourceTitle "playchess.com"]
[Source "ChessBase"]
[SourceQuality "1"]
[WhiteTeam "Novoborsky"]
[BlackTeam "Ostrava"]
[TimeControl "40/5400+30:1800+30"]

1. c4 {[%emt 0:00:00]} c6 {[%emt 0:00:00]} 2. Nf3 {[%emt 0:00:05]} d5 {[%emt 0:00:00]} 3. e3 {[%emt 0:00:04]} Nf6 {[%emt 0:00:16]} 4. Nc3 {[%emt 0:00:22]} e6 {[%emt 0:00:50]} 5. d4 {[%emt 0:01:07]} Nbd7 {[%emt 0:00:19]} 6. Qc2 {[%emt 0:00:08]} Bd6 {[%emt 0:01:06]} 7. Bd3 {[%emt 0:00:20]} dxc4 {[%emt 0:00:38]} 8. Bxc4 {[%emt 0:00:04]} b5 {[%emt 0:00:10]} 9. Bd3 {[%emt 0:00:05]} Bb7 {[%emt 0:00:37]} 10. O-O {[%emt 0:00:58]} O-O {[%emt 0:03:52]} 11. a3 {[%emt 0:00:08]} Qe7 {[%emt 0:04:13]} 12. h3 {[%emt 0:08:20]} h6 {[%emt 0:13:10]} 13. e4 {[%emt 0:02:48]} e5 {[%emt 0:01:47]} 14. Be3 {[%emt 0:00:47]} Rfe8 {[%emt 0:07:54]} 15. Rad1 {[%emt 0:16:10]} a5 {[%emt 0:05:29]} 16. Ne2 {[%emt 0:04:40]} c5 {[%emt 0:14:18]} 17. dxe5 {[%emt 0:03:38]} Bxe5 {[%emt 0:02:50]} 18. Nxe5 {[%emt 0:01:09]} Qxe5 {[%emt 0:00:23]} 19. Bf4 {[%emt 0:11:49]} Qe6 {[%emt 0:04:59]} 20. Bxb5 {[%emt 0:02:31]} Bxe4 {[%emt 0:00:42]} 21. Qc1 {[%emt 0:00:23]} Bc6 {[%emt 0:05:14]} 22. Nc3 {[%emt 0:00:26]} Bxb5 {[%emt 0:04:22]} 23. Nxb5 {[%emt 0:00:02]} Nd5 {[%emt 0:00:33]} 24. Nd6 {[%emt 0:03:54]} Nxf4 {[%emt 0:02:59]} 25. Qxf4 {[%emt 0:02:32]} Red8 {[%emt 0:04:34]} 26. Rfe1 {[%emt 0:09:09]} Qf6 {[%emt 0:00:59]} 27. Qxf6 {[%emt 0:03:52]} Nxf6 {[%emt 0:00:19]} 28. Nc4 {[%emt 0:00:05]} Rxd1 {[%emt 0:01:54]} 29. Rxd1 {[%emt 0:00:09]} Kf8 {[%emt 0:02:12]} 30. Rd6 {[%emt 0:03:59]} Ra7 {[%emt 0:05:17]} 31. Kf1 {[%emt 0:03:42]} a4 {[%emt 0:03:07]} 32. Rc6 {[%emt 0:02:23]} Nd7 {[%emt 0:01:28]} 33. Ke2 {[%emt 0:01:28]} Ke7 {[%emt 0:01:15]} 34. Kd2 {[%emt 0:00:34]} Nf6 {[%emt 0:02:54]} 35. Kc2 {[%emt 0:02:24]} Nd7 {[%emt 0:02:19]} 36. Nd6 {[%emt 0:01:51]} Ne5 {[%emt 0:03:45]} 37. Nf5+ {[%emt 0:01:08]} Kd7 {[%emt 0:00:42]} 38. Rxc5 {[%emt 0:00:10]} f6 {[%emt 0:00:18]} 39. f4 {[%emt 0:02:21]} Nc6 {[%emt 0:00:25]} 40. Rc4 {[%emt 0:00:08]} Rc7 {[%emt 0:01:10]} 41. Kc3 {[%emt 0:31:11]} 1-0

[Event "CZE Extraliga 2019-20"]
[Site "Czech Republic"]
[Date "2019.10.13"]
[Round "2"]
[White "Yemelin, Vasily"]
[Black "Bobras, Piotr"]
[Result "1/2-1/2"]
[WhiteElo "2546"]
[BlackElo "2483"]
[Annotator "ChessBase"]
[PlyCount "133"]
[EventDate "2019.10.12"]
[EventType "team-tourn"]
[EventCountry "CZE"]
[SourceTitle "playchess.com"]
[Source "ChessBase"]
[SourceQuality "1"]
[WhiteTeam "Lysa nad Labem"]
[BlackTeam "Poruba"]
[TimeControl "40/5400+30:1800+30"]

1. e4 {[%emt 0:00:00]} e5 {[%emt 0:00:00]} 2. Nf3 {[%emt 0:00:00]} Nc6 {[%emt 0:00:00]} 3. Bb5 {[%emt 0:00:16]} a6 {[%emt 0:00:00]} 4. Ba4 {[%emt 0:00:05]} Nf6 {[%emt 0:00:00]} 5. O-O {[%emt 0:01:31]} Nxe4 {[%emt 0:01:14]} 6. d4 {[%emt 0:00:51]} b5 {[%emt 0:00:06]} 7. Bb3 {[%emt 0:23:45]} d5 {[%emt 0:00:24]} 8. dxe5 {[%emt 0:00:04]} Be6 {[%emt 0:00:05]} 9. Qe2 {[%emt 0:00:37]} Nc5 {[%emt 0:01:58]} 10. Rd1 {[%emt 0:02:04]} Nxb3 {[%emt 0:01:15]} 11. axb3 {[%emt 0:02:27]} Be7 {[%emt 0:01:36]} 12. c4 {[%emt 0:17:18]} b4 {[%emt 0:03:03]} 13. Bf4 {[%emt 0:28:38]} O-O {[%emt 0:18:39]} 14. Nbd2 {[%emt 0:00:08]} Qc8 {[%emt 0:23:51]} 15. Bg5 {[%emt 0:00:36]} Bxg5 {[%emt 0:05:29]} 16. Nxg5 {[%emt 0:00:05]} h6 {[%emt 0:00:10]} 17. cxd5 {[%emt 0:09:58]} Bxd5 {[%emt 0:03:10]} 18. Qd3 {[%emt 0:00:26]} hxg5 {[%emt 0:02:30]} 19. Qxd5 {[%emt 0:00:02]} Nd8 {[%emt 0:00:19]} 20. Nf3 {[%emt 0:06:56]} Ne6 {[%emt 0:03:57]} 21. Qe4 {[%emt 0:00:04]} Qe8 {[%emt 0:04:44]} 22. Qxb4 {[%emt 0:00:53]} Rb8 {[%emt 0:00:49]} 23. Qg4 {[%emt 0:02:36]} Qe7 {[%emt 0:00:22]} 24. Nd4 {[%emt 0:01:21]} Nxd4 {[%emt 0:03:43]} 25. Qxd4 {[%emt 0:00:02]} Rb6 {[%emt 0:06:10]} 26. h3 {[%emt 0:01:20]} Rfb8 {[%emt 0:01:10]} 27. Rd3 {[%emt 0:00:36]} Re6 {[%emt 0:12:23]} 28. Ra5 {[%emt 0:00:18]} Rb4 {[%emt 0:01:37]} 29. Qd8+ {[%emt 0:00:56]} Qxd8 {[%emt 0:00:51]} 30. Rxd8+ {[%emt 0:00:01]} Kh7 {[%emt 0:00:01]} 31. Rd7 {[%emt 0:01:03]} Kg6 {[%emt 0:00:50]} 32. Rxc7 {[%emt 0:00:04]} Rxb3 {[%emt 0:00:10]} 33. Rd5 {[%emt 0:00:53]} f6 {[%emt 0:02:55]} 34. Rdd7 {[%emt 0:00:29]} Rxe5 {[%emt 0:00:20]} 35. g4 {[%emt 0:00:14]} f5 {[%emt 0:03:07]} 36. Rxg7+ {[%emt 0:00:07]} Kh6 {[%emt 0:00:29]} 37. Rh7+ {[%emt 0:01:05]} Kg6 {[%emt 0:00:01]} 38. Rhg7+ {[%emt 0:00:34]} Kh6 {[%emt 0:00:03]} 39. Rgd7 {[%emt 0:00:32]} Rb6 {[%emt 0:00:44]} 40. Kg2 {[%emt 0:00:31]} fxg4 {[%emt 0:00:35]} 41. hxg4 {[%emt 0:30:05]} a5 {[%emt 0:04:10]} 42. Rd1 {[%emt 0:00:00]} Kg6 {[%emt 0:02:48]} 43. Rh1 {[%emt 0:00:00]} Re4 {[%emt 0:05:19]} 44. Kg3 {[%emt 0:00:00]} Rb3+ {[%emt 0:00:53]} 45. f3 {[%emt 0:00:00]} Rf4 {[%emt 0:01:11]} 46. Rf1 {[%emt 0:02:10]} Rxb2 {[%emt 0:01:21]} 47. Rc5 {[%emt 0:00:01]} Rb3 {[%emt 0:05:17]} 48. Rxa5 {[%emt 0:00:09]} Rf6 {[%emt 0:00:24]} 49. Ra8 {[%emt 0:00:53]} Kg7 {[%emt 0:00:30]} 50. Rf2 {[%emt 0:00:53]} Rc3 {[%emt 0:00:20]} 51. Ra1 {[%emt 0:00:25]} Kg6 {[%emt 0:00:34]} 52. Rh1 {[%emt 0:00:31]} Rf7 {[%emt 0:00:43]} 53. Rh8 {[%emt 0:00:50]} Kg7 {[%emt 0:00:32]} 54. Rh3 {[%emt 0:00:15]} Kg6 {[%emt 0:00:19]} 55. Kg2 {[%emt 0:00:22]} Rh7 {[%emt 0:00:48]} 56. Rxh7 {[%emt 0:00:37]} Kxh7 {[%emt 0:00:02]} 57. Rd2 {[%emt 0:00:19]} Kg6 {[%emt 0:00:28]} 58. Rd6+ {[%emt 0:00:17]} Kg7 {[%emt 0:00:03]} 59. Kf2 {[%emt 0:00:40]} Ra3 {[%emt 0:00:18]} 60. Ke2 {[%emt 0:00:18]} Rb3 {[%emt 0:02:30]} 61. Rd3 {[%emt 0:00:19]} Rb6 {[%emt 0:01:16]} 62. Rd5 {[%emt 0:00:34]} Kg6 {[%emt 0:00:17]} 63. Kd3 {[%emt 0:00:20]} Re6 {[%emt 0:01:35]} 64. Kd4 {[%emt 0:00:10]} Rf6 {[%emt 0:02:02]} 65. Ke4 {[%emt 0:00:08]} Rf4+ {[%emt 0:00:27]} 66. Ke3 {[%emt 0:00:04]} Rf6 {[%emt 0:00:14]} 67. Ke4 {[%emt 0:01:00]} 1/2-1/2

[Event "CZE Extraliga 2019-20"]
[Site "Czech Republic"]
[Date "2019.10.13"]
[Round "2"]
[White "Nasuta, Grzegorz"]
[Black "Plat, Vojtech"]
[Result "1-0"]
[WhiteElo "2534"]
[BlackElo "2573"]
[Annotator "ChessBase"]
[PlyCount "113"]
[EventDate "2019.10.12"]
[EventType "team-tourn"]
[EventCountry "CZE"]
[SourceTitle "playchess.com"]
[Source "ChessBase"]
[SourceQuality "1"]
[WhiteTeam "Poruba"]
[BlackTeam "Lysa nad Labem"]
[TimeControl "40/5400+30:1800+30"]

1. e4 {[%emt 0:00:00]} c5 {[%emt 0:00:00]} 2. Nf3 {[%emt 0:00:00]} e6 {[%emt 0:00:00]} 3. d4 {[%emt 0:01:01]} cxd4 {[%emt 0:00:00]} 4. Nxd4 {[%emt 0:00:07]} Nc6 {[%emt 0:00:03]} 5. Nc3 {[%emt 0:00:09]} d6 {[%emt 0:00:05]} 6. g4 {[%emt 0:01:12]} Be7 {[%emt 0:01:36]} 7. Be3 {[%emt 0:01:38]} h6 {[%emt 0:00:14]} 8. Rg1 {[%emt 0:00:56]} a6 {[%emt 0:01:14]} 9. Qf3 {[%emt 0:15:16]} Bf6 {[%emt 0:05:06]} 10. O-O-O {[%emt 0:01:00]} Nge7 {[%emt 0:00:19]} 11. Qg3 {[%emt 0:04:48]} Nxd4 {[%emt 0:06:04]} 12. Bxd4 {[%emt 0:00:38]} Bxd4 {[%emt 0:04:27]} 13. Rxd4 {[%emt 0:00:08]} e5 {[%emt 0:00:02]} 14. Rd2 {[%emt 0:05:09]} Be6 {[%emt 0:03:57]} 15. f4 {[%emt 0:02:07]} exf4 {[%emt 0:00:09]} 16. Qxf4 {[%emt 0:00:07]} Qb6 {[%emt 0:02:14]} 17. Rg3 {[%emt 0:07:58]} Rd8 {[%emt 0:00:09]} 18. Rgd3 {[%emt 0:15:16]} Qg1 {[%emt 0:01:58]} 19. Ne2 {[%emt 0:23:17]} Ng6 {[%emt 0:16:12]} 20. Rxd6 {[%emt 0:12:25]} Rxd6 {[%emt 0:00:03]} 21. Qxd6 {[%emt 0:00:13]} Qxf1+ {[%emt 0:00:03]} 22. Rd1 {[%emt 0:00:06]} Qf6 {[%emt 0:00:02]} 23. Qb8+ {[%emt 0:00:09]} Ke7 {[%emt 0:00:01]} 24. Qxb7+ {[%emt 0:00:17]} Kf8 {[%emt 0:00:16]} 25. Qb8+ {[%emt 0:02:32]} Ke7 {[%emt 0:00:01]} 26. Qc7+ {[%emt 0:00:07]} Ke8 {[%emt 0:00:05]} 27. Qb8+ {[%emt 0:04:44]} Ke7 {[%emt 0:00:02]} 28. Qc7+ {[%emt 0:00:10]} Ke8 {[%emt 0:00:04]} 29. h3 {[%emt 0:01:22]} Rf8 {[%emt 0:04:17]} 30. Qb8+ {[%emt 0:00:05]} Ke7 {[%emt 0:00:03]} 31. Qa7+ {[%emt 0:00:05]} Ke8 {[%emt 0:00:06]} 32. Qa8+ {[%emt 0:00:02]} Ke7 {[%emt 0:00:04]} 33. Qb7+ {[%emt 0:00:17]} Ke8 {[%emt 0:00:00]} 34. Qb8+ {[%emt 0:01:17]} Ke7 {[%emt 0:00:01]} 35. Qd6+ {[%emt 0:00:07]} Ke8 {[%emt 0:00:04]} 36. Qc6+ {[%emt 0:00:03]} Ke7 {[%emt 0:00:05]} 37. Qc5+ {[%emt 0:00:23]} Ke8 {[%emt 0:00:03]} 38. Qc6+ {[%emt 0:00:03]} Ke7 {[%emt 0:00:09]} 39. Qc7+ {[%emt 0:01:36]} Ke8 {[%emt 0:00:04]} 40. Kb1 {[%emt 0:01:36]} Ne5 {[%emt 0:02:34]} 41. Nd4 {[%emt 0:09:42]} g6 {[%emt 0:00:03]} 42. Qb8+ {[%emt 0:20:41]} Ke7 {[%emt 0:00:09]} 43. Nc6+ {[%emt 0:00:56]} Nxc6 {[%emt 0:00:06]} 44. Qd6+ {[%emt 0:00:02]} Ke8 {[%emt 0:00:05]} 45. Qxc6+ {[%emt 0:00:02]} Ke7 {[%emt 0:00:04]} 46. Qd6+ {[%emt 0:00:06]} Ke8 {[%emt 0:00:02]} 47. b3 {[%emt 0:00:50]} Qg5 {[%emt 0:01:25]} 48. e5 {[%emt 0:01:38]} h5 {[%emt 0:00:20]} 49. Qc6+ {[%emt 0:00:17]} Ke7 {[%emt 0:00:01]} 50. Qc7+ {[%emt 0:00:06]} Ke8 {[%emt 0:00:01]} 51. Qb8+ {[%emt 0:00:50]} Ke7 {[%emt 0:00:01]} 52. Qc7+ {[%emt 0:00:31]} Ke8 {[%emt 0:00:01]} 53. Rd6 {[%emt 0:00:28]} Rg8 {[%emt 0:02:38]} 54. Qb8+ {[%emt 0:00:10]} Ke7 {[%emt 0:00:03]} 55. Qxg8 {[%emt 0:00:05]} Bd7 {[%emt 0:00:06]} 56. Rxd7+ {[%emt 0:01:21]} Kxd7 {[%emt 0:00:01]} 57. Qxf7+ {[%emt 0:00:08]} 1-0

[Event "CZE Extraliga 2019-20"]
[Site "Czech Republic"]
[Date "2019.10.13"]
[Round "2"]
[White "Kriebel, Tadeas"]
[Black "Firt, Stanislav"]
[Result "1/2-1/2"]
[WhiteElo "2528"]
[BlackElo "2193"]
[Annotator "ChessBase"]
[PlyCount "109"]
[EventDate "2019.10.12"]
[EventType "team-tourn"]
[EventCountry "CZE"]
[SourceTitle "playchess.com"]
[Source "ChessBase"]
[SourceQuality "1"]
[WhiteTeam "Novoborsky"]
[BlackTeam "Ostrava"]
[TimeControl "40/5400+30:1800+30"]

1. e4 {[%emt 0:00:00]} e6 {[%emt 0:00:00]} 2. d4 {[%emt 0:00:00]} d5 {[%emt 0:00:00]} 3. Nc3 {[%emt 0:00:00]} Bb4 {[%emt 0:00:24]} 4. exd5 {[%emt 0:00:00]} exd5 {[%emt 0:00:11]} 5. Bd3 {[%emt 0:00:00]} Nf6 {[%emt 0:02:56]} 6. Nge2 {[%emt 0:04:13]} O-O {[%emt 0:00:20]} 7. O-O {[%emt 0:00:20]} c6 {[%emt 0:05:23]} 8. a3 {[%emt 0:02:32]} Bd6 {[%emt 0:01:00]} 9. Bf4 {[%emt 0:00:11]} Bg4 {[%emt 0:00:50]} 10. Qd2 {[%emt 0:00:08]} Bh5 {[%emt 0:03:00]} 11. Bxd6 {[%emt 0:03:26]} Qxd6 {[%emt 0:02:38]} 12. Qf4 {[%emt 0:00:23]} Qxf4 {[%emt 0:01:11]} 13. Nxf4 {[%emt 0:00:04]} Bg6 {[%emt 0:00:17]} 14. Nxg6 {[%emt 0:00:05]} hxg6 {[%emt 0:00:23]} 15. f3 {[%emt 0:02:43]} Re8 {[%emt 0:02:05]} 16. h4 {[%emt 0:01:57]} Nbd7 {[%emt 0:01:58]} 17. Kf2 {[%emt 0:01:51]} Nf8 {[%emt 0:00:44]} 18. Ne2 {[%emt 0:02:04]} Ne6 {[%emt 0:01:44]} 19. g4 {[%emt 0:01:18]} Re7 {[%emt 0:00:43]} 20. c3 {[%emt 0:06:51]} g5 {[%emt 0:03:44]} 21. hxg5 {[%emt 0:09:19]} Nxg5 {[%emt 0:00:12]} 22. Nf4 {[%emt 0:00:32]} Rae8 {[%emt 0:02:06]} 23. Ng2 {[%emt 0:01:19]} Kf8 {[%emt 0:04:35]} 24. Kg3 {[%emt 0:04:28]} g6 {[%emt 0:02:05]} 25. b4 {[%emt 0:11:07]} Nd7 {[%emt 0:04:15]} 26. a4 {[%emt 0:05:42]} Nb6 {[%emt 0:05:14]} 27. Kh4 {[%emt 0:04:03]} Nh7 {[%emt 0:04:20]} 28. g5 {[%emt 0:04:40]} Nc8 {[%emt 0:01:44]} 29. Kg4 {[%emt 0:08:05]} Nd6 {[%emt 0:01:36]} 30. Rae1 {[%emt 0:03:51]} Kg7 {[%emt 0:04:29]} 31. Rxe7 {[%emt 0:00:17]} Rxe7 {[%emt 0:00:12]} 32. Re1 {[%emt 0:01:47]} Rxe1 {[%emt 0:00:54]} 33. Nxe1 {[%emt 0:00:03]} f6 {[%emt 0:00:42]} 34. gxf6+ {[%emt 0:00:42]} Kxf6 {[%emt 0:00:19]} 35. Ng2 {[%emt 0:02:00]} Nf5 {[%emt 0:04:34]} 36. a5 {[%emt 0:08:54]} Nf8 {[%emt 0:04:30]} 37. a6 {[%emt 0:06:42]} bxa6 {[%emt 0:01:35]} 38. Bxa6 {[%emt 0:00:44]} Nd7 {[%emt 0:00:19]} 39. Bb7 {[%emt 0:02:31]} Ne7 {[%emt 0:00:18]} 40. Nf4 {[%emt 0:01:23]} Nb6 {[%emt 0:00:30]} 41. Ba6 {[%emt 0:33:44]} Nf5 {[%emt 0:33:10]} 42. Nxg6 {[%emt 0:00:00]} Kxg6 {[%emt 0:00:00]} 43. Bd3 {[%emt 0:00:00]} Na4 {[%emt 0:00:00]} 44. Bxf5+ {[%emt 0:00:00]} Kf6 {[%emt 0:00:00]} 45. Bd7 {[%emt 0:00:00]} Nxc3 {[%emt 0:00:00]} 46. Bxc6 {[%emt 0:00:00]} Na2 {[%emt 0:00:00]} 47. b5 {[%emt 0:00:00]} Nb4 {[%emt 0:00:00]} 48. Kf4 {[%emt 0:00:00]} Ke6 {[%emt 0:00:00]} 49. Ke3 {[%emt 0:00:00]} Nc2+ {[%emt 0:00:00]} 50. Kd3 {[%emt 0:00:00]} Ne1+ {[%emt 0:00:00]} 51. Kc3 {[%emt 0:00:00]} Nxf3 {[%emt 0:00:00]} 52. Be8 {[%emt 0:00:00]} Kd6 {[%emt 0:00:00]} 53. Bh5 {[%emt 0:00:00]} Ng5 {[%emt 0:00:00]} 54. Bg4 {[%emt 0:00:00]} Kc7 {[%emt 0:00:00]} 55. Kb4 {[%emt 0:00:00]} 1/2-1/2